000 00437nam a2200181Ia 4500
005 20250423094448.0
008 250422s9999 xx 000 0 und d
020 _a044308906X
050 _aRD 81 .A578/
245 0 _aAnesthesia.
250 _a4th ed.
260 _aNew York
260 _bChurchill Livingstone
260 _c1994
300 _a2696 p
650 _aAnesthesia. Anestesiologia. Humans; Anaesthesia.
942 _cBK
999 _c27312
_d27312